000 00676nam a2200289Ia 4500
005 20260324150233.0
008 008 260324s9999 xx 000 0 eng d
020 _a9781003206095
037 _aEBOOK
040 _aCRL
040 _beng
040 _cCRL
041 _2eng
041 _aeng
084 _qCRL
100 _aMadeleine Bingham
_91224463
245 0 _aScotland Under Mary Stuart
245 3 _bAn Account of Everyday Life
260 _bTaylor and Francis
260 _c1971
365 _a
365 _b170
856 _uhttp://www.taylorfrancis.com/books/9781003206095
942 _cEBOOK
999 _c1834838
_d1834838